00474cam a2200145 4500008004100000020001500041035002000056050003800076100001500114245006400129260005400193300002200247504004000269999001900309120620n 000 0 eng u a9251043760 a(Sirsi) a176563 aS494.5.A45 B645 BOF 1999FT MEADLE aBoffa J.-m aAgroforestry Parkalands in Sub-Saharan Africa/c Boffa J.-M aRome:b Food and Agriculture Organization,c 1999 axviii,230p.:b ill aincludes bibliographical references c117378d117378